Name these Grey's Anatomy Characters! - Statistics

General Stats
  • This quiz has been taken 5,324 times
  • The average score is 11 of 15
Answer Stats
Hint Answer % Correct
He was popularly known as McSteamy. Mark
97%
She was fondly called Little Grey. Lexie
93%
He was chosen by the President of the United States to head a project. Derek
92%
The surgeon Bailey's son is named after. George
91%
McDreamy's ex-wife who left Seattle Grace to work at Oceanside Wellness Group, a private practice. Addison
90%
The cardiothoracic patient Izzie falls in love with. Denny
87%
Hunt befriended this surgeon during their tour in Baghdad. Teddy
80%
Chief Webber develops a romantic relationship with this Avery. Catherine
78%
Bailey's husband who reports her OCD. Ben
76%
She was nominated for a Harper Avery. Christina
61%
The nurse who McDreamy dates briefly and is referred to as McRebound. Rose
57%
The vet one of the main characters dates briefly. Finn
56%
The paramedic April leaves at the altar. Matthew
56%
The intern who dies due to electrocution while looking for Chief Webber. Heather
52%
Orthopedic surgeon Torres' first love interest. Erica
45%
No matching quizzes found
Score Distribution
Percent of People with Each Score
Percentile by Number Answered
Your Score History
You have not taken this quiz